| 000 | 01562nam a2200217Ia 4500 | ||
|---|---|---|---|
| 003 | Ost | ||
| 005 | 20260507075616.0 | ||
| 008 | 260507s9999||||xx |||||||||||||| ||und|| | ||
| 020 | _a9789961019085 | ||
| 040 | _cfsecg | ||
| 041 | _aara | ||
| 082 | _a332.1 | ||
| 100 |
_aخليل، عبد القادر _eمؤلف |
||
| 245 | 0 |
_aالاقتصاد البنكي : _bمدخل معاصر / _c عبد القادر خليل |
|
| 260 |
_aالجزائر: _bديوان المطبوعات الجامعية, _c2017 |
||
| 300 |
_a183 صفحة؛ _bإيضاحات ؛ _c22 سم |
||
| 504 | _aالمراجع ص.155 أسئلة مختارة من مسابقات دكتوراه ل.م.د ص.165 الأشكال ص.177 | ||
| 520 | _aيقدم كتاب "الإقتصاد المعرفي مدخل معاصر" رؤية تحليلية معمقة للمصارف ودورها في الإقتصاد المعاصر، حيث تم تغطيته عبر سبعة فصول، تناول فيها التمويل وإعادة التمويل، مع إعطاء لمحة حول المصارف، لنمر إلى تحليل تبييض الأموال الذي يستخدم المصرف كقناة لذلك، ثم درس الصيرفة الإلكترونية، مع إعطاء أهم المنتجات والأسواق المصرفية، وبعد ذلك تطرقنا للإتجاهات الحديثة في مجال الخدمات المصرفية، ليختتم هذا العمل بتناول العولمة والتحرير المالي. | ||
| 653 | _aالإقتصاد البنكي | ||
| 942 | _cكتاب | ||
| 999 |
_c45111 _d45111 |
||